zpět

Detail výsledku týmu

Trojka, Brno

Datum a čas kvízu

28.5 Celkem bodů Celkový počet nahraných bodů na tomto kvízu bez doplňovacích otázek.
5. Pořadí na kvízu Konečné umístění týmu na tomto kvízu.

Zaznamenané odpovědi

# Otázka Odpověď Body Výsledky
1. Přes území České republiky pro... Francie 0
2. V parlamentu jedné evropské ze... Slovensko 0
3. Málokteré osobnosti v naší rep... Marta Kubišová, 1 989 kusů 0
4. Minulý týden byla pro sběratel... Věstonická venuše 1
5. Plzeňští fotbalisté sehráli v... Tomáš Chorý 0
6. V tomto tématu se spolu podívá... hřib 0
7. Na obrázku můžete vidět babku,... a) tkacím stroji 0
8. Za pár babek lze nakoupit neje... Ekvádor 0
9. V díle Babička od Boženy Němco... pírko, plot 0.5
10. V poslední otázce tohoto témat... 50 m 1